Christine Reeves v Beatrice Blake (Record no. 81731)
[ view plain ]
| 000 -LEADER | |
|---|---|
| fixed length control field | 02079cad a22002535a 4500 |
| 001 - CONTROL NUMBER | |
| control field | L148106 |
| 008 - FIXED-LENGTH DATA ELEMENTS--GENERAL INFORMATION | |
| fixed length control field | 090728e20090624xxk f v 000 0 eng d |
| 035 ## - SYSTEM CONTROL NUMBER | |
| System control number | (Sirsi) u148106 |
| 041 0# - LANGUAGE CODE | |
| Language code of text/sound track or separate title | eng |
| 245 ## - TITLE STATEMENT | |
| Title | Christine Reeves v Beatrice Blake |
| Medium | [electronic resource] |
| 260 ## - PUBLICATION, DISTRIBUTION, ETC. | |
| Date of publication, distribution, etc. | 2009 |
| 520 ## - SUMMARY, ETC. | |
| Summary, etc. | [2009] EWCA Civ 611, 24 June 2009. The case considers whether surveyors had the right to direct payment of costs incurred for an actual or contemplated litigation in court. Ms Reeves (R) appealed against a decision where it was held that a party wall award could not provide for litigation costs incurred by an adjoining neighbour. Ms Blake (B) bought a end of terrace house. To the right of the flank wall is R's driveway. B proposed to demolish her house to replace it with a new flat building including one flat at basement level. She served two notices on R under the Party Wall Act 1996 S1(5) and S6(1). R determined that an extra award was necessary to be able to continue the works. B suspended the works until the matter was solved. Another surveyor produced an award requiring B to pay R's legal costs incurred in respect of the contemplated proceedings. The judge of the county court varied the award by suppressing the direction as to legal costs. R appealed against this decision. "Held:" The judge concluded that it is against the spirit of the 1996 Act to make provision for costs incurred for actual or contemplated litigation in court. The appeal is dismissed. |
| 590 ## - LOCAL NOTE (RLIN) | |
| Local note | KA |
| 650 24 - SUBJECT ADDED ENTRY--TOPICAL TERM | |
| Topical term or geographic name entry element | CHRISTINE REEVES V BEATRICE BLAKE |
| 650 24 - SUBJECT ADDED ENTRY--TOPICAL TERM | |
| Topical term or geographic name entry element | ONIGBANJO V PEARSON |
| 650 24 - SUBJECT ADDED ENTRY--TOPICAL TERM | |
| Topical term or geographic name entry element | WOODHOUSE V CONSOLIDATED PROPERTY CORPORATION LTD |
| 650 24 - SUBJECT ADDED ENTRY--TOPICAL TERM | |
| Topical term or geographic name entry element | LOUIS V SADIQ |
| 650 24 - SUBJECT ADDED ENTRY--TOPICAL TERM | |
| Topical term or geographic name entry element | PARTY WALL ACT 1996 |
| 651 #4 - SUBJECT ADDED ENTRY--GEOGRAPHIC NAME | |
| Geographic name | England and Wales |
| Chronological subdivision | 1543- |
| 690 ## - LOCAL SUBJECT ADDED ENTRY--TOPICAL TERM (OCLC, RLIN) | |
| Topical term or geographic name as entry element | MANAGEMENT-DISPUTE AVOIDANCE, MANAGEMENT AND RESOLUTION-DISPUTE MANAGEMENT AND RESOLUTION |
| 690 ## - LOCAL SUBJECT ADDED ENTRY--TOPICAL TERM (OCLC, RLIN) | |
| Topical term or geographic name as entry element | PROPERTY-PROPERTY MANAGEMENT-EASEMENTS-PARTY WALL SURVEYING-PARTY WALLS |
| 856 40 - ELECTRONIC LOCATION AND ACCESS | |
| Uniform Resource Identifier | <a href="https://www.bailii.org/ew/cases/EWCA/Civ/2009/611.html">https://www.bailii.org/ew/cases/EWCA/Civ/2009/611.html</a> |
| Public note | View the case free of charge at www.bailli.org... |
| 942 ## - ADDED ENTRY ELEMENTS (KOHA) | |
| Suppress in OPAC | 0 |
| Withdrawn status | Lost status | Source of classification or shelving scheme | Damaged status | Not for loan | Home library | Current library | Shelving location | Date acquired | Total Checkouts | Full call number | Barcode | Date last seen | Copy number | Price effective from | Koha item type |
|---|---|---|---|---|---|---|---|---|---|---|---|---|---|---|---|
| Dewey Decimal Classification | Virtual | Virtual | Online | 28/07/2009 | ONLINE PUBLICATION | 148106-2001 | 06/08/2019 | 1 | 06/08/2019 | Law report |